<?xml version="1.0" encoding="UTF-8"?><?xml-stylesheet type="text/xsl" href="static/style.xsl"?><OAI-PMH xmlns="http://www.openarchives.org/OAI/2.0/" xmlns:xsi="http://www.w3.org/2001/XMLSchema-instance" xsi:schemaLocation="http://www.openarchives.org/OAI/2.0/ http://www.openarchives.org/OAI/2.0/OAI-PMH.xsd"><responseDate>2026-06-01T05:44:39Z</responseDate><request verb="GetRecord" identifier="oai:riuma.uma.es:10630/29183" metadataPrefix="marc">https://riuma.uma.es/rest/oai/request</request><GetRecord><record><header><identifier>oai:riuma.uma.es:10630/29183</identifier><datestamp>2026-02-03T11:09:23Z</datestamp><setSpec>com_10630_2254</setSpec><setSpec>col_10630_37953</setSpec></header><metadata><record xmlns="http://www.loc.gov/MARC21/slim" xmlns:dcterms="http://purl.org/dc/terms/" xmlns:doc="http://www.lyncode.com/xoai" xmlns:xsi="http://www.w3.org/2001/XMLSchema-instance" xsi:schemaLocation="http://www.loc.gov/MARC21/slim http://www.loc.gov/standards/marcxml/schema/MARC21slim.xsd">
   <leader>00925njm 22002777a 4500</leader>
   <datafield ind2=" " ind1=" " tag="042">
      <subfield code="a">dc</subfield>
   </datafield>
   <datafield ind2=" " ind1=" " tag="720">
      <subfield code="a">Ruiz-González, Antonio Francisco</subfield>
      <subfield code="e">author</subfield>
   </datafield>
   <datafield ind2=" " ind1=" " tag="720">
      <subfield code="a">Meco-Gutiérrez, Mario Jesús</subfield>
      <subfield code="e">author</subfield>
   </datafield>
   <datafield ind2=" " ind1=" " tag="720">
      <subfield code="a">Heredia-Larrubia, Juan Ramón</subfield>
      <subfield code="e">author</subfield>
   </datafield>
   <datafield ind2=" " ind1=" " tag="720">
      <subfield code="a">Pérez-Hidalgo, Francisco Manuel</subfield>
      <subfield code="e">author</subfield>
   </datafield>
   <datafield ind2=" " ind1=" " tag="720">
      <subfield code="a">Vargas-Merino, Francisco</subfield>
      <subfield code="e">author</subfield>
   </datafield>
   <datafield ind2=" " ind1=" " tag="260">
      <subfield code="c">2019-08-15</subfield>
   </datafield>
   <datafield ind2=" " ind1=" " tag="520">
      <subfield code="a">A new carrier-based pulse-width modulation (PWM) technique to control power inverters is presented in this study. To generate the output waveform, this technique compares a harmonic-injection modulating wave and a frequency-modulated triangular carrier wave. The instantaneous frequency for the carrier wave is adjusted according to a periodic function synchronised with the fundamental term of the modulating wave. The main motivation for using this technique compared to a classic PWM sinusoidal technique revolves around the reduction of total harmonic distortion, the reduction of the distortion factor and the shift of temporal harmonics to higher frequencies for any modulation frequency order. Experimental results show that it is possible to optimise the time harmonics generated to minimise vibrations produced by an induction motor when it is fed with a DC/AC converter controlled by the proposed control strategy. This is made possible by using a control parameter that modifies the instantaneous frequency of the carrier wave without modifying the number of pulses per period of the modulating wave, i.e. the mean value of the carrier wave frequency. The proposed technique is applied to an open loop-controlled inverter that operates an induction motor, helping to reduce the vibration levels produced.</subfield>
   </datafield>
   <datafield ind1="8" ind2=" " tag="024">
      <subfield code="a">Ruiz-Gonzalez, A., Meco-Gutierrez, M., Heredia-Larrubia, J.-R., Perez-Hidalgo, F. and Vargas-Merino, F. (2019), Pulse width modulation technique with harmonic injection in the modulating wave and discontinuous frequency modulation for the carrier wave to reduce vibrations in asynchronous machines. IET Power Electronics, 12: 2865-2872. https://doi.org/10.1049/iet-pel.2018.5178</subfield>
   </datafield>
   <datafield ind1="8" ind2=" " tag="024">
      <subfield code="a">755-4535</subfield>
   </datafield>
   <datafield ind1="8" ind2=" " tag="024">
      <subfield code="a">https://hdl.handle.net/10630/29183</subfield>
   </datafield>
   <datafield ind1="8" ind2=" " tag="024">
      <subfield code="a">10.1049/iet-pel.2018.5178</subfield>
   </datafield>
   <datafield tag="653" ind2=" " ind1=" ">
      <subfield code="a">Modulación por impulsos</subfield>
   </datafield>
   <datafield tag="653" ind2=" " ind1=" ">
      <subfield code="a">Motores eléctricos</subfield>
   </datafield>
   <datafield ind2="0" ind1="0" tag="245">
      <subfield code="a">Pulse width modulation technique with harmonic injection in the modulating wave and discontinuous frequency modulation for the carrier wave to reduce vibrations in asynchronous machines.</subfield>
   </datafield>
</record>
</metadata></record></GetRecord></OAI-PMH>